<?xml version="1.0" encoding="UTF-8"?>
<record
    xmlns:xsi="http://www.w3.org/2001/XMLSchema-instance"
    xsi:schemaLocation="http://www.loc.gov/MARC21/slim http://www.loc.gov/standards/marcxml/schema/MARC21slim.xsd"
    xmlns="http://www.loc.gov/MARC21/slim">

  <leader>01728nam a2200361 a 4500</leader>
  <controlfield tag="001">000020380</controlfield>
  <controlfield tag="003">DO-SdBNP</controlfield>
  <controlfield tag="005">20180309131543.0</controlfield>
  <controlfield tag="007">000020380</controlfield>
  <controlfield tag="008">150130s2014    dr ac         000 0 spa d</controlfield>
  <datafield tag="020" ind1=" " ind2=" ">
    <subfield code="a">9789945118384 (v.1)</subfield>
  </datafield>
  <datafield tag="020" ind1=" " ind2=" ">
    <subfield code="a">9789945118155 (v.2)</subfield>
  </datafield>
  <datafield tag="040" ind1=" " ind2=" ">
    <subfield code="a">BPMSU</subfield>
    <subfield code="b">spa</subfield>
    <subfield code="c">BPMSU</subfield>
  </datafield>
  <datafield tag="092" ind1=" " ind2=" ">
    <subfield code="a">373.7</subfield>
    <subfield code="b">M722m    2do. 2014</subfield>
  </datafield>
  <datafield tag="100" ind1="1" ind2=" ">
    <subfield code="a">Molina Moloon, Andr&#xE9;s</subfield>
  </datafield>
  <datafield tag="245" ind1="1" ind2="0">
    <subfield code="a">Matem&#xE1;ticas 4 :</subfield>
    <subfield code="b">educaci&#xF3;n media /</subfield>
    <subfield code="c">Andr&#xE9;s Molina Moloon,  Jacinto F&#xE9;liz M&#xE9;ndez, Altagracia Santos</subfield>
  </datafield>
  <datafield tag="260" ind1=" " ind2=" ">
    <subfield code="a">Santo Domingo :</subfield>
    <subfield code="b">Santillana,</subfield>
    <subfield code="c">2014.</subfield>
  </datafield>
  <datafield tag="300" ind1=" " ind2=" ">
    <subfield code="a">2 v. :</subfield>
    <subfield code="b">il., retrs. ;</subfield>
    <subfield code="c">28 cm. + </subfield>
    <subfield code="e">CD-ROM</subfield>
  </datafield>
  <datafield tag="490" ind1="1" ind2=" ">
    <subfield code="a">Innova</subfield>
  </datafield>
  <datafield tag="500" ind1=" " ind2=" ">
    <subfield code="a">La biblioteca posee Libro texto y Gu&#xED;a recursos did&#xE1;cticos para el profesorado</subfield>
  </datafield>
  <datafield tag="505" ind1="1" ind2=" ">
    <subfield code="t">2do. grado / 2do. ciclo : primera parte:</subfield>
    <subfield code="t">Transformaciones geom&#xE9;tricas --</subfield>
    <subfield code="t">Trigonometr&#xED;a --</subfield>
    <subfield code="t">Los n&#xFA;meros complejos --</subfield>
    <subfield code="t">An&#xE1;lisis combinatorio --</subfield>
    <subfield code="t">Aprender a emprender --</subfield>
    <subfield code="t">Sucesiones --</subfield>
    <subfield code="t">Convergencia y divergencia --</subfield>
    <subfield code="t">Matem&#xE1;ticas financieras --</subfield>
    <subfield code="t">Aprender a emprender --</subfield>
    <subfield code="t">Segunda parte --</subfield>
    <subfield code="t">Probabilidades --</subfield>
    <subfield code="t">L&#xED;mites de una funci&#xF3;n --</subfield>
    <subfield code="t">Continuidad y discontinuidadl --</subfield>
    <subfield code="t">Aprender a emprender --</subfield>
    <subfield code="t">La derivada --</subfield>
    <subfield code="t">Aplicaciones de la derivada --</subfield>
    <subfield code="t">C&#xE1;lculo integral --</subfield>
    <subfield code="t">Aprender a emprender --</subfield>
  </datafield>
  <datafield tag="650" ind1=" " ind2="4">
    <subfield code="a">MATEMATICAS</subfield>
    <subfield code="x">ENSE&#xD1;ANZA SECUNDARIA</subfield>
  </datafield>
  <datafield tag="650" ind1=" " ind2="4">
    <subfield code="a">EDUCACI&#xD3;N SECUNDARIA</subfield>
    <subfield code="x">REP&#xDA;BLICA DOMINICANA</subfield>
  </datafield>
  <datafield tag="650" ind1=" " ind2="4">
    <subfield code="a">MATEM&#xC1;TICAS</subfield>
    <subfield code="x">LIBROS DE TEXTO</subfield>
  </datafield>
  <datafield tag="650" ind1=" " ind2="4">
    <subfield code="a">MATEM&#xC1;TICAS</subfield>
    <subfield code="x">ESTUDIOS Y EJERCICIOS</subfield>
  </datafield>
  <datafield tag="700" ind1="1" ind2="2">
    <subfield code="a">F&#xE9;liz M&#xE9;ndez, Jacinto</subfield>
  </datafield>
  <datafield tag="700" ind1="1" ind2="2">
    <subfield code="a">Santos, Altagracia</subfield>
  </datafield>
  <datafield tag="830" ind1=" " ind2="0">
    <subfield code="a">Innova</subfield>
  </datafield>
  <datafield tag="910" ind1=" " ind2=" ">
    <subfield code="a">Validado. Control de calidad MFF</subfield>
  </datafield>
  <datafield tag="942" ind1=" " ind2=" ">
    <subfield code="2">ddc</subfield>
    <subfield code="c">BK</subfield>
  </datafield>
  <datafield tag="945" ind1=" " ind2=" ">
    <subfield code="a">Remanejado para la BNPHU / 2018 VM</subfield>
  </datafield>
  <datafield tag="952" ind1=" " ind2=" ">
    <subfield code="0">0</subfield>
    <subfield code="1">0</subfield>
    <subfield code="2">ddc</subfield>
    <subfield code="4">0</subfield>
    <subfield code="7">0</subfield>
    <subfield code="8">CE</subfield>
    <subfield code="a">BPMET</subfield>
    <subfield code="b">BPMET</subfield>
    <subfield code="d">2016-04-08</subfield>
    <subfield code="e">Donaci&#xF3;n</subfield>
    <subfield code="l">0</subfield>
    <subfield code="o">373.7    M722m    4to. 2014   v.1, pt.2 </subfield>
    <subfield code="p">BPMSU16040254</subfield>
    <subfield code="r">2016-04-08</subfield>
    <subfield code="w">2016-04-08</subfield>
    <subfield code="y">BK</subfield>
  </datafield>
  <datafield tag="952" ind1=" " ind2=" ">
    <subfield code="0">0</subfield>
    <subfield code="1">0</subfield>
    <subfield code="2">ddc</subfield>
    <subfield code="4">0</subfield>
    <subfield code="7">0</subfield>
    <subfield code="8">CE</subfield>
    <subfield code="a">BPMET</subfield>
    <subfield code="b">BPMET</subfield>
    <subfield code="d">2016-04-08</subfield>
    <subfield code="e">Donaci&#xF3;n</subfield>
    <subfield code="l">0</subfield>
    <subfield code="o">373.7   M722m   4to   2014   v.1, pt.2 </subfield>
    <subfield code="p">BPMSU16040255</subfield>
    <subfield code="r">2016-04-08</subfield>
    <subfield code="t">e. 2</subfield>
    <subfield code="w">2016-04-08</subfield>
    <subfield code="y">BK</subfield>
  </datafield>
  <datafield tag="952" ind1=" " ind2=" ">
    <subfield code="0">0</subfield>
    <subfield code="1">0</subfield>
    <subfield code="2">ddc</subfield>
    <subfield code="4">0</subfield>
    <subfield code="7">0</subfield>
    <subfield code="8">CE</subfield>
    <subfield code="a">BPMET</subfield>
    <subfield code="b">BPMET</subfield>
    <subfield code="d">2016-04-20</subfield>
    <subfield code="e">Donaci&#xF3;n</subfield>
    <subfield code="l">0</subfield>
    <subfield code="o">373.7   M722m    4to.   2014   v.2, pt.2  Gu&#xED;a</subfield>
    <subfield code="p">BPMSU16040564</subfield>
    <subfield code="r">2016-04-20</subfield>
    <subfield code="w">2016-04-20</subfield>
    <subfield code="y">BK</subfield>
  </datafield>
  <datafield tag="956" ind1=" " ind2=" ">
    <subfield code="a">VMATEO</subfield>
    <subfield code="b">10</subfield>
    <subfield code="c">20150706</subfield>
    <subfield code="l">BPMSU</subfield>
    <subfield code="h">00151</subfield>
  </datafield>
  <datafield tag="999" ind1=" " ind2=" ">
    <subfield code="c">9653</subfield>
    <subfield code="d">9653</subfield>
  </datafield>
</record>
